Zvýšenie minimálnej mzdy od 1. januára 2015

Výška minimálnej mzdy a ponuka vlády na úpravu odvodov. Priamy vplyv zvýšenia sumy minimálnej mzdy. Celková cena práce. Dosah zvýšenia sumy minimálnej mzdy na ďalšie plnenia.

Enregistré dans:
Détails bibliographiques
Auteur principal: Mačuha, Miroslav
Format: Chapitre de livre
Langue:slovaque
Sujets:
Tags: Ajouter un tag
Pas de tags, Soyez le premier à ajouter un tag!

MARC

LEADER 00000naa a2200000 4500
001 0195482
005 20231109104244.2
041 0 |a slo 
044 |a SK 
245 1 0 |a Zvýšenie minimálnej mzdy od 1. januára 2015  |c Miroslav Mačuha 
520 |a Výška minimálnej mzdy a ponuka vlády na úpravu odvodov. Priamy vplyv zvýšenia sumy minimálnej mzdy. Celková cena práce. Dosah zvýšenia sumy minimálnej mzdy na ďalšie plnenia. 
610 2 0 |a mzdy minimálne 
610 2 0 |a cena práce 
610 2 0 |a legislatíva 
610 2 0 |a odvody 
100 1 |a Mačuha, Miroslav